| 000 | 00392nam a2200145Ia 4500 | ||
|---|---|---|---|
| 999 |
_c14886 _d14886 |
||
| 082 | _aTA.0048 | ||
| 100 | _aAsthana, Pratima | ||
| 245 | 0 | _aHistory of women's movement in India from 1857 to 1947 | |
| 260 |
_c1972 _bAgra University |
||
| 300 | _a339 | ||
| 650 |
_aWomen _vHistory _z1857-1947 |
||
| 650 |
_aWomen _vSocioe-conomic status _zIndia |
||
| 710 | _aSrivastava, A.L. | ||
| 942 |
_cTH _2ddc |
||